| 000 | 010620000a22002770004500 | ||
|---|---|---|---|
| 001 | 18310 | ||
| 003 | CO-MdFUSB | ||
| 005 | 20190202100416.0 | ||
| 008 | 160707b xxu||||| |||| 00| 0 eng d | ||
| 020 | _a0-8308-2353-0 | ||
| 040 |
_aCO-MdFUSB _cCO-MdFUSB _bEspañol _dCO-MdFUSB |
||
| 041 | _aspa | ||
| 082 | _aG 270.3 EV92f | ||
| 100 | 1 | _aEvans, G. R. | |
| 245 | 1 | 0 | _aFaith in the medieval world |
| 264 |
_aEstados Unidos de América : _bInterVarsity Press, _c2002 |
||
| 300 | _a160 páginas | ||
| 336 |
_2rdacontent _a1 _ba1 |
||
| 337 |
_2rdamedia _a2 _b5 |
||
| 338 |
_2rdacarrier _a2 _b5 |
||
| 490 | _aIVP Histories | ||
| 501 | _aRústico | ||
| 505 | 0 | 0 | _aEl mundo a través de los ojos medievales; ¿Qué creyeron los cristianos medievales? Biblia de estudio; definición de la iglesia; laicos; la política y la iglesia; los rebeldes; Monjes, santos y ejemplos cristianos; guerra santa; tradición y continuidad: el camino de la reformación. |
| 650 | 0 |
_aHistoria de la Iglesia _z(Edad Media), ca. 600-1500 _yEdad Media, 600-1500 _9285 |
|
| 942 | _cBK | ||
| 999 |
_c44760 _d44760 |
||